Library Banner

Goodman and Fuller's pathology : (Record no. 137354)

MARC details
000 -LEADER
fixed length control field 00626nam a22002175i 4500
001 - CONTROL NUMBER
control field 21408554
005 - DATE AND TIME OF LATEST TRANSACTION
control field 20250423104808.0
008 - FIXED-LENGTH DATA ELEMENTS--GENERAL INFORMATION
fixed length control field 200129s2020 pau 000 0 eng
020 ## - INTERNATIONAL STANDARD BOOK NUMBER
International Standard Book Number 9780323673556
040 ## - CATALOGING SOURCE
Transcribing agency PK-LaUMT
082 ## - DEWEY DECIMAL CLASSIFICATION NUMBER
Classification number 616.07
Item number GOO-
245 10 - TITLE STATEMENT
Title Goodman and Fuller's pathology :
Remainder of title implications for the physical therapist /
Statement of responsibility, etc edited by Catherine Goodman, and Kendra Fuller
250 ## - EDITION STATEMENT
Edition statement 5th ed.
260 ## - PUBLICATION, DISTRIBUTION, ETC. (IMPRINT)
Place of publication, distribution, etc St. louis :
Name of publisher, distributor, etc Elsevier,
Date of publication, distribution, etc 2021
300 ## - PHYSICAL DESCRIPTION
Extent 1771 p.
650 ## - SUBJECT ADDED ENTRY--TOPICAL TERM
Topical term or geographic name as entry element Pathology
650 ## - SUBJECT ADDED ENTRY--TOPICAL TERM
Topical term or geographic name as entry element Immune system
650 ## - SUBJECT ADDED ENTRY--TOPICAL TERM
Topical term or geographic name as entry element Oncology
700 1# - ADDED ENTRY--PERSONAL NAME
Personal name Fuller, Kendra,
942 ## - ADDED ENTRY ELEMENTS (KOHA)
Koha item type Books
Holdings
Withdrawn status Lost status Damaged status Home library Current library Date acquired Full call number Barcode Date last seen Price effective from Koha item type Copy number
      UMT Health Sciences Campus UMT Health Sciences Campus 2025-04-23 616.07 GOO- 149379 2025-04-23 2025-04-23 Books  
      UMT Health Sciences Campus UMT Health Sciences Campus 2025-04-23 616.07 GOO- 149380 2025-04-23 2025-04-23 Books C.2
      UMT Health Sciences Campus UMT Health Sciences Campus 2025-04-23 616.07 GOO- 149381 2025-04-23 2025-04-23 Books C.3